| 000 | 01689cam a2200193 4500 | ||
|---|---|---|---|
| 001 | 691 | ||
| 005 | 20230410120946.0 | ||
| 008 | 060907n1993 dr spa | ||
| 035 | _9funglode695 | ||
| 041 | _aES | ||
| 050 | 1 | 4 |
_aJC 574.2 _bV719l 1993 |
| 100 | _aVillarreal, René | ||
| 245 | 1 |
_aLiberalismo social y reforma del Estado : _bMéxico en la Era del capitalismo posmoderno / _cRené Villarreal |
|
| 260 |
_aMéxico : _bFondo de Cultura Económica, _c1993 |
||
| 300 | _a395 p. / 21 cm. | ||
| 440 | _aNueva cultura económica | ||
| 520 | _aEl capitalismo posmoderno : hacia una nueva economía, 57. -- Globalización, interdependencia e incertidumbre en el capitalismo posmoderno, 57. -- Evolución y crisis de los paradigmas teórico - ideológicos, 107. -- El mundo en busca de una nueva economía : la relación Estado, mercado y sociedad, 139. -- El liberalismo social : hacia una nueva economía, Estado y sociedad, 165. -- El liberalismo social como marco doctrinario e ideológico, 167. -- El proyecto ideológico - político del liberalismo social : origen y evolución, 169. -- El liberalismo social como programa de reformas del Estado, económica y social, 203. -- La reforma del Estado : del Estado benefactor al Estado solidario, 205. -- La reforma económica : la economía del liberalismo social y la nueva cultura industrial, 239. -- La reforma social : hacia una nueva relación Estado - sociedad, 259. -- El liberalismo social como vía alternativa de desarrollo, 285. -- El liberalismo social de cara al neoliberalismo, 287. -- Avances y retos del liberalismo social : hacia el desarrollo sustentable con equidad y liderazgo nacional, 309 | ||
| 942 |
_2lcc _cbk |
||
| 999 |
_c55146 _d55146 |
||